| 000 | 00698cab a22001935a 4500 | ||
|---|---|---|---|
| 001 | L137266 | ||
| 008 | 070327e2007 xxk 000 0 eng d | ||
| 035 | _a(Sirsi) u137266 | ||
| 041 | 0 | _aeng | |
| 100 | 1 | _aSpring, Martin | |
| 245 | 0 | 0 |
_aProjects _ba different beast |
| 260 | _c2007 | ||
| 490 |
_aBuilding _v272(8472) 23 March 2007, 40-44(5) |
||
| 520 | _aReports on the redevelopment of the Aintree racecourse in Liverpool. Examines the design and construction of the two £18m grandstands and highlights various procurement issues, including the design and build challenge. | ||
| 590 | _aKA | ||
| 651 | 4 |
_aUnited Kingdom _y |
|
| 690 | _aBUILT ENVIRONMENT-CONSTRUCTION DESIGN | ||
| 942 | _n0 | ||
| 999 |
_c78573 _d78573 |
||